00298nam a22000857a 4500100002600000245011100026260004900137300000800186650001800194 aDissanayaka,D.W.H.N.N aSpectrophotometric method development and validation for study of Iodine common salt produced in sri lanka aColombobInstitute of Chemistry Ceylonc2012 a50p aIodine asalt